Introduction to special educaion : (Record no. 14187)

000 -LEADER
fixed length control field 00594nam a22001577a 4500
008 - FIXED-LENGTH DATA ELEMENTS--GENERAL INFORMATION
fixed length control field 160928b xxu||||| |||| 00| 0 eng d
020 ## - INTERNATIONAL STANDARD BOOK NUMBER
International Standard Book Number 0205376169
050 ## - LIBRARY OF CONGRESS CALL NUMBER
Classification number LC 3981
Item number .S56 2003
100 ## - MAIN ENTRY--PERSONAL NAME
Personal name Smith, Deborah Deutsch.
245 ## - TITLE STATEMENT
Title Introduction to special educaion :
Remainder of title teaching in an age of opportunity
Statement of responsibility, etc. Deborah Deutsch Smith.
250 ## - EDITION STATEMENT
Edition statement 5th ed.
260 ## - PUBLICATION, DISTRIBUTION, ETC. (IMPRINT)
Place of publication, distribution, etc. Boston:
Name of publisher, distributor, etc. Pearson,
Date of publication, distribution, etc. 2003.
300 ## - PHYSICAL DESCRIPTION
Extent xxviii,564p. :ill. ;
Other physical details Include bibliographical references and index.
Dimensions 22cm.
650 ## - SUBJECT ADDED ENTRY--TOPICAL TERM
Topical term or geographic name as entry element Special education
General subdivision United states.
942 ## - ADDED ENTRY ELEMENTS (KOHA)
Source of classification or shelving scheme
Koha item type Hard Covered Materials
Classification part LC 3981.S56 2003
Koha issues (borrowed), all copies 5
Holdings
Withdrawn status Lost status Source of classification or shelving scheme Damaged status Not for loan Home library Current library Shelving location Date acquired Source of acquisition Total Checkouts Full call number Barcode Date last seen Date last checked out Price effective from Koha item type
          MACHAKOS UNIVERSITY LIBRARY MACHAKOS UNIVERSITY LIBRARY Open shelf 28/09/2016 Donation(BFA) 7 LC 3981.S56 2003 26185 17/02/2024 03/02/2024 28/09/2016 Hard Covered Materials
© Machakos University Library, Along The Highway, Machakos Wote Rd, Machakos, Kenya P.O. Box 136 - 90100 Machakos - Kenya

Tel: ( +254 ) 723 805829 OR Fax : 044-20353 OR Email: library@mksu.ac.ke